Report of the Comptroller and Auditor General of India, 1991-93 (Record no. 507535)
[ view plain ]
| 000 -LEADER | |
|---|---|
| fixed length control field | 00358nam a2200109 4500 |
| 082 ## - DEWEY DECIMAL CLASSIFICATION NUMBER | |
| Classification number | L906x54 C/1991-92/No.1 &No.6 1992-93/ No.1 No. 2 |
| 100 ## - MAIN ENTRY--PERSONAL NAME | |
| Personal name | Union Government (Civil) |
| 9 (RLIN) | 1916 |
| 245 ## - TITLE STATEMENT | |
| Title | Report of the Comptroller and Auditor General of India, 1991-93 |
| 260 ## - PUBLICATION, DISTRIBUTION, ETC. (IMPRINT) | |
| Place of publication, distribution, etc | New Delhi |
| Name of publisher, distributor, etc | Comptroller and Auditor General of India |
| 300 ## - PHYSICAL DESCRIPTION | |
| Extent | v.p. |
| 942 ## - ADDED ENTRY ELEMENTS (KOHA) | |
| Source of classification or shelving scheme | |
| Withdrawn status | Lost status | Source of classification or shelving scheme | Damaged status | Koha normalized classification for sorting | Not for loan | Permanent location | Current location | Date acquired | Full call number | Barcode | Date last seen | Price effective from | Koha item type |
|---|---|---|---|---|---|---|---|---|---|---|---|---|---|
| L_906X54_C_199192_NO_1_000000000000000_NO_6_199293_NO_1_NO__2 | Indian Institute of Public Administration | Indian Institute of Public Administration | 2019-02-15 | L906x54 C/1991-92/No.1 &No.6 1992-93/ No.1 No. 2 | GG34169 | 2019-02-15 | 2019-02-15 | GG |
